| 000 | 00402nam a22001457a 4500 | ||
|---|---|---|---|
| 003 | OSt | ||
| 005 | 20160727222449.0 | ||
| 008 | 160704b xxu||||| |||| 00| 0 eng d | ||
| 040 | _cTEST | ||
| 100 |
_92025 _a Field Enterprises Educational |
||
| 245 | _aThe World Book Year Book - 1977 | ||
| 260 |
_aSydney _b Field Edu.Enterprises _c1977 |
||
| 300 | _aThe World Book Year Book - 1977 | ||
| 942 |
_2ddc _cBK |
||
| 999 |
_c1725 _d1725 |
||